| 000 | 00000nam##2200000za#4500 |
| 001 | 9.569667 |
| 003 | CaOODSP |
| 005 | 20210624181858 |
| 007 | cr ||||||||||| |
| 008 | 150406|2004||||xxc|||||o f|0| 0 eng|d |
| 040 | |aCaOODSP|beng |
| 043 | |an-cn--- |
| 086 | 1 |aNH18-1/338-2004E-PDF |
| 110 | 2 |aCanada Mortgage and Housing Corporation. |
| 245 | 13|aAn examination of First Nations housing management training programs |h[electronic resource] |
| 246 | 3 |aExamen des programmes de formation en gestion immobilière à l'intention des Premières nations |
| 260 | |aOttawa - Ontario : |bCanada Mortgage and Housing Corporation |c2004 (main report), December 2003 (Research highlight). |
| 300 | |a78p.|bmaps, tables |
| 490 | 1 |aResearch report |
| 500 | |aIncludes: Research highlight (Socio-economic series 03-024, December 2003) under the same title. Y compris : Le point en recherche (Série socio-économique 03-024, décembre 2003) sous le titre « Examen des programmes de formation en gestion immobilière à l'intention des Premières nations ». |
| 546 | |a(Comprend du texte en français.) |
| 590 | |a11-26-Supp|b2011-11-03 |
| 830 | #0|aResearch report (Canada Mortgage and Housing Corporation : Online)|w(CaOODSP)9.506068 |
| 856 | 40|ahttp://publications.gc.ca|qPDF|s5.46 MB|uhttps://publications.gc.ca/collections/collection_2011/schl-cmhc/nh18-1/NH18-1-338-2004-eng.pdf |